MARC details
| 000 -LEADER |
| fixed length control field |
01867cam a2200433 a 4500 |
| 001 - CONTROL NUMBER |
| control field |
13735775 |
| 003 - CONTROL NUMBER IDENTIFIER |
| control field |
PILC |
| 005 - DATE AND TIME OF LATEST TRANSACTION |
| control field |
20150902135724.0 |
| 008 - FIXED-LENGTH DATA ELEMENTS--GENERAL INFORMATION |
| fixed length control field |
040929s2004 enkabf b 001 0beng d |
| 010 ## - LIBRARY OF CONGRESS CONTROL NUMBER |
| LC control number |
2004557539 |
| 020 ## - INTERNATIONAL STANDARD BOOK NUMBER |
| International Standard Book Number |
0297846884 |
| 035 ## - SYSTEM CONTROL NUMBER |
| System control number |
(CStRLIN)CTYA6560301-B |
| 035 ## - SYSTEM CONTROL NUMBER |
| System control number |
(CtY)6560301 |
| 040 ## - CATALOGING SOURCE |
| Original cataloging agency |
UKM |
| Transcribing agency |
UKM |
| Modifying agency |
GZM |
| -- |
CtY |
| -- |
DLC |
| 042 ## - AUTHENTICATION CODE |
| Authentication code |
lccopycat |
| 043 ## - GEOGRAPHIC AREA CODE |
| Geographic area code |
e-uk--- |
| 050 00 - LIBRARY OF CONGRESS CALL NUMBER |
| Classification number |
DA 427 |
| Item number |
.K48 2004 |
| 082 00 - DEWEY DECIMAL CLASSIFICATION NUMBER |
| Classification number |
941.06/4/092 |
| -- |
B |
| 100 1# - MAIN ENTRY--PERSONAL NAME |
| Personal name |
Kitson, Frank. |
| 245 10 - TITLE STATEMENT |
| Title |
Old Ironsides : |
| Remainder of title |
the military biography of Oliver Cromwell / |
| Statement of responsibility, etc |
Frank Kitson. |
| 260 ## - PUBLICATION, DISTRIBUTION, ETC. (IMPRINT) |
| Place of publication, distribution, etc |
London : |
| Name of publisher, distributor, etc |
Weidenfeld & Nicolson ; |
| Place of publication, distribution, etc |
New York : |
| Name of publisher, distributor, etc |
Distributed in the U.S. by Sterling Pub. Co., |
| Date of publication, distribution, etc |
2004. |
| 300 ## - PHYSICAL DESCRIPTION |
| Extent |
239 pages : |
| Other physical details |
illustrations, maps ; |
| Dimensions |
23 cm. |
| 500 ## - GENERAL NOTE |
| General note |
Includes bibliographical references and index. |
| 600 10 - SUBJECT ADDED ENTRY--PERSONAL NAME |
| Personal name |
Cromwell, Oliver, |
| Dates associated with a name |
1599-1658. |
| 600 10 - SUBJECT ADDED ENTRY--PERSONAL NAME |
| Personal name |
Cromwell, Oliver, |
| Dates associated with a name |
1599-1658 |
| General subdivision |
Military leadership. |
| 610 10 - SUBJECT ADDED ENTRY--CORPORATE NAME |
| Corporate name or jurisdiction name as entry element |
Great Britain. |
| Subordinate unit |
Army |
| General subdivision |
History |
| Chronological subdivision |
17th century. |
| 650 #0 - SUBJECT ADDED ENTRY--TOPICAL TERM |
| Topical term or geographic name as entry element |
Military art and science |
| Geographic subdivision |
Great Britain |
| General subdivision |
History |
| Chronological subdivision |
17th century. |
| 650 #0 - SUBJECT ADDED ENTRY--TOPICAL TERM |
| Topical term or geographic name as entry element |
Heads of state |
| Geographic subdivision |
Great Britain |
| Form subdivision |
Biography. |
| 650 #0 - SUBJECT ADDED ENTRY--TOPICAL TERM |
| Topical term or geographic name as entry element |
Generals |
| Geographic subdivision |
Great Britain |
| Form subdivision |
Biography. |
| 651 #0 - SUBJECT ADDED ENTRY--GEOGRAPHIC NAME |
| Geographic name |
Great Britain |
| General subdivision |
History |
| Chronological subdivision |
Puritan Revolution, 1642-1660 |
| General subdivision |
Biography. |
| 651 #0 - SUBJECT ADDED ENTRY--GEOGRAPHIC NAME |
| Geographic name |
Great Britain |
| General subdivision |
History |
| Chronological subdivision |
Civil War, 1642-1649 |
| General subdivision |
Campaigns. |
| 651 #0 - SUBJECT ADDED ENTRY--GEOGRAPHIC NAME |
| Geographic name |
Great Britain |
| General subdivision |
History, Military |
| Chronological subdivision |
1603-1714. |
| 856 42 - ELECTRONIC LOCATION AND ACCESS |
| Materials specified |
Contributor biographical information |
| Uniform Resource Identifier |
<a href="http://www.loc.gov/catdir/bios/orion051/2004557539.html">http://www.loc.gov/catdir/bios/orion051/2004557539.html</a> |
| 856 42 - ELECTRONIC LOCATION AND ACCESS |
| Materials specified |
Publisher description |
| Uniform Resource Identifier |
<a href="http://www.loc.gov/catdir/description/ste051/2004557539.html">http://www.loc.gov/catdir/description/ste051/2004557539.html</a> |
| 856 41 - ELECTRONIC LOCATION AND ACCESS |
| Materials specified |
Table of contents |
| Uniform Resource Identifier |
<a href="http://www.loc.gov/catdir/toc/fy051/2004557539.html">http://www.loc.gov/catdir/toc/fy051/2004557539.html</a> |
| 906 ## - LOCAL DATA ELEMENT F, LDF (RLIN) |
| a |
7 |
| b |
cbc |
| c |
copycat |
| d |
2 |
| e |
ncip |
| f |
20 |
| g |
y-gencatlg |
| 942 ## - ADDED ENTRY ELEMENTS (KOHA) |
| Source of classification or shelving scheme |
Library of Congress Classification |
| Koha item type |
Books |
| Call number prefix |
Foreign |